000 00214nam a2200097Ia 4500
008 220204s9999 xx 000 0 und d
082 _a82-3
_bSHE;1
100 _aSheldon, Sidney
245 0 _aNaked face
942 _cBK
999 _c34053
_d34053